000 00898nam a2200289Ia 4500
003 OSt
005 20221007123823.0
006 a|||||r|||| 00| 0
007 ta
008 221006b |||||||| |||| 00| 0 eng d
020 _a8180521494 (hbd)
024 _a79180
037 _b161, 26/10/2007, Ashutosh Technical Books
_cTextual
040 _aCDL
_cCDL
_beng
041 _2eng
_aeng
082 _aLZ3:(E), P8-;1 Carc
100 _aAhluwalia V K
245 0 _aMedicinal chemistry
_b Chopra Madhu
260 _aNew
_bDelhi Ane Books India
_c2008
300 _axxii, 340p. ill.
_ccm.
500 _aIndex 329-340p.
650 _a Medicinal chemistry
_9712223
650 _aChemistry
700 _a Chopra Madhu
942 _hLZ3:(E), P8-;1 Carc
_cTEXL
_2CC
999 _c1212520
_d1212520